Нормален изглед
MARC изглед
- Шопов, Атанас Петров
Вход 01. Лично име
001 - Контролен номер на записа
- Контролно поле: 366239
003 - Код на организацията, даваща контролен номер
- Контролно поле: BLK
005 - Дата и час на последна промяна на записа
- Контролно поле: 20240625091936.0
008 - Данни с фиксирана дължина – обща информация
- Данни с фиксирана дължина : 180422|| aca||aabn | a|a d
100 ## - ИМЕ НА ЛИЦЕ -ПЪРВИЧНА ИНТЕЛЕКТУАЛНА ОТГОВОРНОСТ
- Лично име: Шопов, Атанас Петров
- Дати, свързани с автора: 1961 -
942 ## - Системна служебна употреба
- Koha auth type: PERSO_NAME